1090 1099 1878 1388 1611 1020 1590 1768 1636 1009 1213 1127 1583 1701 1502 1774 1994 1818 1173 1261 1264 1647 1261 1252 1118 1038 1839 1410 1952 1318 1431 1045 1966 1296 1069 1924 1840 1187 1984 1998 1702 1433 1203 1962 1955 1608 1372 1811 1517 1477 1665 1920 1970 1606 1547 1055 1640 1789 1332 1998 1029 1673 1259 1740 1591 1363 1616 1761 1391 1539 1971 1186 1083 1453 1725 1702 1056 1156 1858 1093 1111 1705 1740 1314 1834 1068 1448 1414 1230 1947 1318 1710 1023 1691 1762 1330 1240 1601 1501 BCNSPRNW ULIB Ver.6.0+V

เปลี่ยนเป็นภาษาไทย

Change to English
 แสดงรายละเอียดบรรณานุกรม
  กลับหน้าหลัก

Brief Record : Get Marc (ISO 2709) : E-mail record : QR code < ปิดหน้าต่าง
LEADER : 00000nam 2200000uu 4500
001    13399122159
003     ULIB
008    130107s2551||||th 000 0 tha d
020    ^a9789740698937
060 04 ^aQW504^bอ371ว
245 00 ^aวิทยาภูมิคุ้มกันพื้นฐานและคลินิก =^bBasic and clinicalimmunology /^cอรวดี หาญวิวัฒน์วงศ์, บรรณาธิการ
246 31 ^aBasic and clinical immunology
250    ^aพิมพ์ครั้งที่ 1
260    ^aกรุงเทพฯ :^bหน่วยวิทยาภูมิคุ้มกัน ภาควิชาจุลชีววิทยาคณะแพทยศาสตร์ จุฬาลงกรณ์มหาวิทยาลัย,^c2551
300    ^a446 หน้า :^bภาพประกอบ ;^c30 ซม.
650  7 ^aวิทยาภูมิคุ้มกัน
650  7 ^aวิทยาภูมิคุ้มกัน^xเทคนิค
700 0  ^aอรวดี หาญวิวัฒน์วงศ์,^eบรรณาธิการ
710 2  ^aจุฬาลงกรณ์มหาวิทยาลัย. ^bคณะแพทยศาสตร์.^bภาควิชาจุลชีวิทยา
945    ^p450^l0^i19614
945    ^p450^l0^i19615
995    ^aกัณชพร
999 ^a ใช้งานได้ทุกระบบ
รายการนี้ยังไม่มีแท็ก
คุณยังไม่ได้ล็อกอิน คุณสามารถมีกิจกรรมร่วมกับเว็บไซต์ได้ แต่ต้องล็อกอินก่อน ::
  ล็อกอิน

รายการสื่อสารสนเทศ

ลำดับที่ ประเภท เลขเรียก/บาร์โค้ด สถานที่ สถานะ
- ไม่พบข้อมูล -

รายการใกล้เคียง
    หัวเรื่อง [วิทยาภูมิคุ้มกัน]

BibComment


ยังไม่เคยถูกคอมเมนท์

คอมเมนท์ทรัพยากรรายการนี้
  คอมเมนท์: วิทยาภูมิคุ้มกัน..


 Copyright 2026. Bcnsprnw @Library